000
00204 a2200097 4500
001
10667
100
_a
East, G
245
_a
Geography behind history, The.
260
_a
_b
Nelson
_c
090
_c
8268
_d
8268
942
_a
NUST-CAE
_c
M
_c
35009
999
_c
245740
_d
245740